| 000 | 00724nam a22002057a 4500 | ||
|---|---|---|---|
| 999 |
_c9740 _d9740 |
||
| 003 | GBCCL | ||
| 005 | 20241126110718.0 | ||
| 008 | 230628b ||||| |||| 00| 0 eng d | ||
| 020 | _a9780878080069 | ||
| 040 | _cGBC | ||
| 082 |
_a253.091732 _bGLO |
||
| 245 |
_aGlobalization and its effects on urban ministry in the 21st century : _ba festschrift in honor of the life and ministry of Dr Manuel Ortiz / _cSusan S Baker , Editor |
||
| 260 |
_aPasadena, CA : _bWilliam carey library, _c2009 |
||
| 300 | _a358p. ; | ||
| 650 |
_aCity missions _94738 |
||
| 650 |
_aGlobalization _vReligious aspects _xChristianity _915115 |
||
| 700 |
_aOrtiz, Manuel _d1938- _915397 |
||
| 700 |
_aBaker, Susan S _d1945- _916923 |
||
| 942 |
_2ddc _cBK _01 |
||